000 01141cam a2200337 a 4500
001 6389
003 FISKH
005 20250428110848.0
008 090407s2010 nyuab j b 000 0 eng
010 _a 2009013328
020 _a9780802798152 (lib. bdg.)
020 _a9781338049039
020 _a9780802798169 (reinforced)
040 _aDLC
_cDLC
_dIG#
_beng
050 _aQH543 .M55
082 _a591.75
100 1 _aMiller, Debbie S.
245 1 0 _aSurvival at 40 below /
_cDebbie S. Miller ; illustrated by Jon Van Zyle.
260 _aNew York :
_bScholastic,
_c2010.
300 _a40 unnumbered pages :
_bcolor illustrations ; color maps ;
_c22 x 28 cm.
504 _aIncludes bibliographical references.
520 _aDescribes the long artic winters of Alaska, and how the animals survive.
650 0 _aCold adaptation
_vJuvenile literature.
650 0 _aZoology
_zArctic regions
_vJuvenile literature.
650 1 _aCold adaptation.
650 1 _aZoology
_zArctic regions.
700 1 _aVan Zyle, Jon,
_eillustrator
906 _a7
_bcbc
_corignew
_d1
_eecip
_f20
_gy-gencatlg
942 _2ddc
_cBK
_n0
999 _c6389
_d6389